|
|
|
|
| LEADER |
02014nam a22004093i 4500 |
| 001 |
EBC7245586 |
| 003 |
MiAaPQ |
| 005 |
20231204023229.0 |
| 006 |
m o d | |
| 007 |
cr cnu|||||||| |
| 008 |
231204s2022 xx o ||||0 eng d |
| 020 |
|
|
|a 9781000785463
|q (electronic bk.)
|
| 020 |
|
|
|z 9781032349275
|
| 035 |
|
|
|a (MiAaPQ)EBC7245586
|
| 035 |
|
|
|a (Au-PeEL)EBL7245586
|
| 035 |
|
|
|a (OCoLC)1378935254
|
| 040 |
|
|
|a MiAaPQ
|b eng
|e rda
|e pn
|c MiAaPQ
|d MiAaPQ
|
| 082 |
0 |
|
|a 381.41091767
|
| 100 |
1 |
|
|a Pratikto, Heri.
|
| 245 |
1 |
0 |
|a Reinforcement of the Halal Industry for Global Integration Revival :
|b Proceedings of the 2nd International Conference on Halal Development (ICHaD 2021), Malang, Indonesia, 5 October 2021.
|
| 250 |
|
|
|a 1st ed.
|
| 264 |
|
1 |
|a Milton :
|b CRC Press LLC,
|c 2022.
|
| 264 |
|
4 |
|c Ã2023.
|
| 300 |
|
|
|a 1 online resource (130 pages)
|
| 336 |
|
|
|a text
|b txt
|2 rdacontent
|
| 337 |
|
|
|a computer
|b c
|2 rdamedia
|
| 338 |
|
|
|a online resource
|b cr
|2 rdacarrier
|
| 520 |
|
|
|a This groundbreaking volume provides theoretical and empirical studies on the Halal industry. Emphasizing the Halal industry, the chapters address Halal assurance system, Halal product certification, Halal tourism, Human Resources of Halal Certification, supply chain of Halal products, and other related subjects.
|
| 588 |
|
|
|a Description based on publisher supplied metadata and other sources.
|
| 590 |
|
|
|a Electronic reproduction. Ann Arbor, Michigan : ProQuest Ebook Central, 2023. Available via World Wide Web. Access may be limited to ProQuest Ebook Central affiliated libraries.
|
| 655 |
|
4 |
|a Electronic books.
|
| 700 |
1 |
|
|a Nasih, Ahmad Munjin.
|
| 700 |
1 |
|
|a Isma'il, Zawawi.
|
| 700 |
1 |
|
|a Voak, Adam.
|
| 776 |
0 |
8 |
|i Print version:
|a Pratikto, Heri
|t Reinforcement of the Halal Industry for Global Integration Revival
|d Milton : CRC Press LLC,c2022
|z 9781032349275
|
| 797 |
2 |
|
|a ProQuest (Firm)
|
| 856 |
4 |
0 |
|u https://ebookcentral.proquest.com/lib/matrademy/detail.action?docID=7245586
|z Click to View
|